header

Ethnic diversity and social cohesion : (Record no. 144434)

MARC details
000 -LEADER
fixed length control field 02176nam a2200421 i 4500
001 - CONTROL NUMBER
control field ebr10802635
003 - CONTROL NUMBER IDENTIFIER
control field CaPaEBR
006 - FIXED-LENGTH DATA ELEMENTS--ADDITIONAL MATERIAL CHARACTERISTICS--GENERAL INFORMATION
fixed length control field m o d
007 - PHYSICAL DESCRIPTION FIXED FIELD--GENERAL INFORMATION
fixed length control field cr cn|||||||||
008 - FIXED-LENGTH DATA ELEMENTS--GENERAL INFORMATION
fixed length control field 130613t20142014enka ob 001 0 eng|d
020 ## - INTERNATIONAL STANDARD BOOK NUMBER
Cancelled/invalid ISBN 9781409469384 (hardback : alk. paper)
International Standard Book Number 9781409469391 (e-book)
040 ## - CATALOGING SOURCE
Original cataloging agency CaPaEBR
Language of cataloging eng
Description conventions rda
-- pn
Transcribing agency CaPaEBR
035 ## - SYSTEM CONTROL NUMBER
System control number (OCoLC)903596182
050 14 - LIBRARY OF CONGRESS CALL NUMBER
Classification number HM1271
Item number .S3783 2014eb
082 04 - DEWEY DECIMAL CLASSIFICATION NUMBER
Classification number 305.8
Edition number 23
100 1# - MAIN ENTRY--PERSONAL NAME
Personal name Schaeffer, Merlin.
245 10 - TITLE STATEMENT
Title Ethnic diversity and social cohesion :
Remainder of title immigration, ethnic fractionalization and potentials for civic action /
Statement of responsibility, etc Merlin Schaeffer.
264 #1 - PRODUCTION, PUBLICATION, DISTRIBUTION, MANUFACTURE, AND COPYRIGHT NOTICE
Place of production, publication, distribution, manufacture Farnham, Surrey :
Name of producer, publisher, distributor, manufacturer Ashgate,
Date of production, publication, distribution, manufacture, or copyright notice [2014]
Date of production, publication, distribution, manufacture, or copyright notice �2014
300 ## - PHYSICAL DESCRIPTION
Extent 1 online resource (196 pages) :
Other physical details illustrations.
336 ## - CONTENT TYPE
Content type term text
Source rdacontent
337 ## - MEDIA TYPE
Media type term computer
Source rdamedia
338 ## - CARRIER TYPE
Carrier type term online resource
Source rdacarrier
440 #0 - SERIES STATEMENT/ADDED ENTRY--TITLE
Title Research in migration and ethnic relations series
504 ## - BIBLIOGRAPHY, ETC. NOTE
Bibliography, etc Includes bibliographical references and index.
505 0# - FORMATTED CONTENTS NOTE
Formatted contents note Introduction -- The fragility of social cohesion in ethnically diverse societies -- Elements of a theory on ethnic diversity and social cohesion -- Measuring ethnic diversity -- Beyond measured facts -- Perceptions are not arbitrarily subjective -- The dilemma of inter-ethnic coexistence -- Conclusion.
588 ## - SOURCE OF DESCRIPTION NOTE
Source of description note Description based on print version record.
590 ## - LOCAL NOTE (RLIN)
Local note Electronic reproduction. Palo Alto, Calif. : ebrary, 2013. Available via World Wide Web. Access may be limited to ebrary affiliated libraries.
650 #0 - SUBJECT ADDED ENTRY--TOPICAL TERM
Topical term or geographic name as entry element Cultural pluralism.
Topical term or geographic name as entry element Multiculturalism.
Topical term or geographic name as entry element Ethnic relations.
Topical term or geographic name as entry element Social conflict.
655 #0 - INDEX TERM--GENRE/FORM
Genre/form data or focus term Electronic books.
776 08 - ADDITIONAL PHYSICAL FORM ENTRY
Display text Print version:
Main entry heading Schaeffer, Merlin.
Title Ethnic diversity and social cohesion : immigration, ethnic fractionalization and potentials for civic action.
Place, publisher, and date of publication Farnham, Surrey : Ashgate, [2014]
Physical description 180 pages
Series data for related item Research in migration and ethnic relations series
International Standard Book Number 9781409469384
Record control number (DLC) 2013021714
797 2# - LOCAL ADDED ENTRY--CORPORATE NAME (RLIN)
Corporate name or jurisdiction name as entry element ebrary.
856 40 - ELECTRONIC LOCATION AND ACCESS
Uniform Resource Identifier <a href="http://site.ebrary.com/lib/rucke/Doc?id=10802635">http://site.ebrary.com/lib/rucke/Doc?id=10802635</a>
Public note An electronic book accessible through the World Wide Web; click to view

No items available.

© 2026 Rongo University
Contact us: librarian | system librarian | Rongo university